Managerial economics: European edition / (Record no. 511)

MARC details
000 -LEADER
fixed length control field 01285nam a22002177a 4500
008 - FIXED-LENGTH DATA ELEMENTS--GENERAL INFORMATION
fixed length control field 120126t xxu||||| |||| 00| 0 eng d
020 ## - INTERNATIONAL STANDARD BOOK NUMBER
International Standard Book Number 0030990025
050 ## - LIBRARY OF CONGRESS CALL NUMBER
Classification number HD30.22.H61
100 ## - MAIN ENTRY--PERSONAL NAME
Personal name Hirschey, Mark,
245 ## - TITLE STATEMENT
Title Managerial economics: European edition /
Statement of responsibility, etc. Mark Hirschey; James L Pappas; David Whigham
260 ## - PUBLICATION, DISTRIBUTION, ETC.
Place of publication, distribution, etc. New York:
Name of publisher, distributor, etc. The Dryden Press,
Date of publication, distribution, etc. 1993.
300 ## - PHYSICAL DESCRIPTION
Extent xxi, 779 p.:
Other physical details ill.,
Dimensions 24cm.
500 ## - GENERAL NOTE
General note Inculdes Index.
505 ## - FORMATTED CONTENTS NOTE
Formatted contents note Contents: Introduction to managerial economics: The Nature and scope of managerial economics -- National and International economic structures -- Economic optimization -- Capital budgeting -- Risk analysis -- Demand analysis: Demand and supply -- Demand analysis -- Demand estimation -- Forecasting -- Production and cost analysis: Production analysis and estimation -- Cost analysis -- Cost estimation --Linear programming -- Market structure analysis and estimation: Perfect competition and monopoly -- Monopolistic competition and oligopoly -- Pricing practices -- Government intervention in the market economy in Britain and Europe -- Appendix.
650 ## - SUBJECT ADDED ENTRY--TOPICAL TERM
Topical term or geographic name entry element Managerial economics.
650 ## - SUBJECT ADDED ENTRY--TOPICAL TERM
Topical term or geographic name entry element Decision-making.
650 ## - SUBJECT ADDED ENTRY--TOPICAL TERM
Topical term or geographic name entry element Business Economics.
700 ## - ADDED ENTRY--PERSONAL NAME
Personal name Pappas, James L.
700 ## - ADDED ENTRY--PERSONAL NAME
Personal name Whigham David
942 ## - ADDED ENTRY ELEMENTS (KOHA)
Source of classification or shelving scheme Library of Congress Classification
Koha item type Books
Holdings
Withdrawn status Lost status Source of classification or shelving scheme Damaged status Not for loan Home library Current library Shelving location Date acquired Total Checkouts Full call number Barcode Date last seen Price effective from Koha item type
    Library of Congress Classification     WISCONSIN INTERNATIONAL UNIVERSITY COLLEGE, GHANA - MAIN LIBRARY WISCONSIN INTERNATIONAL UNIVERSITY COLLEGE, GHANA - MAIN LIBRARY General Stacks 26/01/2012   HD30.22H61 1157/11 26/01/2012 26/01/2012 Books

If you have any concerns or questions; kindly contact the library


© Powered by WIUC ICT DIRECTORATE